[Event "Amazons Pride Blitz"]
[Site "Chess.com INT"]
[Date "2021.10.23"]
[Round "8"]
[White "Baraeva, Irina"]
[Black "Komiagina, Maria"]
[Result "0-1"]
[WhiteElo "2223"]
[BlackElo "2241"]
[PlyCount "82"]
[EventDate "2021.10.23"]
[EventType "swiss (blitz)"]
[EventRounds "9"]
[EventCountry "USA"]
[SourceTitle "CBM 204 Extra"]
[Source "ChessBase"]
[SourceDate "2021.11.30"]
[SourceVersion "1"]
[SourceVersionDate "2021.11.30"]
[SourceQuality "1"]

1. d4 Nf6 2. c4 e6 3. Nf3 b6 4. g3 Bb7 5. Bg2 Bb4+ 6. Bd2 a5 7. 0-0 0-0 8. a3 Bxd2 9. Qxd2 d6 10. Nc3 Nbd7 11. Qc2 e5 12. Rad1 Qe7 13. e4 Rfe8 14. d5 Ba6 15. b3 Nc5 16. Nh4 g6 17. b4 axb4 18. axb4 Ncd7 19. Ne2 Nh5 20. Qc3 b5 21. cxb5 Bxb5 22. Rd2 Nb6 23. Rc1 Ra7 24. Rdc2 Nc4 25. Nf3 Ra3 26. Qe1 Qf6 27. Nd2 Nxd2 28. Qxd2 Rd3 29. Qe1 Re7 30. Rxc7 Rxc7 31. Rxc7 Qg5 32. Nc1 Ra3 33. Rc8+ Kg7 34. Rb8 Ra1 35. Rxb5 Rxc1 36. f4 Rxe1+ 37. Kf2 exf4 38. Kxe1 fxg3 39. hxg3 Qxg3+ 40. Kf1 Qd3+ 41. Kf2 Qxb5 0-1

[Event "Amazons Pride Blitz"]
[Site "Chess.com INT"]
[Date "2021.10.23"]
[Round "2"]
[White "Komiagina, Maria"]
[Black "Ambartsumova, Karina"]
[Result "0-1"]
[WhiteElo "2241"]
[BlackElo "2370"]
[PlyCount "54"]
[EventDate "2021.10.23"]
[EventType "swiss (blitz)"]
[EventRounds "9"]
[EventCountry "USA"]
[SourceTitle "CBM 204 Extra"]
[Source "ChessBase"]
[SourceDate "2021.11.30"]
[SourceVersion "1"]
[SourceVersionDate "2021.11.30"]
[SourceQuality "1"]

1. e4 c5 2. Nf3 e6 3. d4 cxd4 4. Nxd4 a6 5. Nc3 Qc7 6. Bd3 Nf6 7. 0-0 Nc6 8. Nxc6 bxc6 9. Qe2 d6 10. b3 Be7 11. Bb2 0-0 12. f4 Nd7 13. Na4 c5 14. Rae1 Bb7 15. Qg4 Bf6 16. Bxf6 Nxf6 17. Qh4 d5 18. e5 Ne4 19. Bxe4 dxe4 20. Nc3 c4 21. Re3 Qc5 22. Rfe1 Rad8 23. Qf2 cxb3 24. axb3 Rc8 25. h3 Rfd8 26. Qe2 Qd4 27. Kh2 Rxc3 0-1

[Event "Amazons Pride Blitz"]
[Site "Chess.com INT"]
[Date "2021.10.23"]
[Round "1"]
[White "Kovanova, Baira"]
[Black "Komiagina, Maria"]
[Result "1/2-1/2"]
[WhiteElo "2331"]
[BlackElo "2241"]
[PlyCount "100"]
[EventDate "2021.10.23"]
[EventType "swiss (blitz)"]
[EventRounds "9"]
[EventCountry "USA"]
[SourceTitle "CBM 204 Extra"]
[Source "ChessBase"]
[SourceDate "2021.11.30"]
[SourceVersion "1"]
[SourceVersionDate "2021.11.30"]
[SourceQuality "1"]

1. e4 c5 2. Nf3 Nc6 3. Bb5 e6 4. 0-0 Nge7 5. Re1 a6 6. Bf1 Nd4 7. c3 Nxf3+ 8. Qxf3 Nc6 9. d3 Be7 10. Qg3 g6 11. Bh6 d6 12. Nd2 e5 13. Nc4 Be6 14. Ne3 Qd7 15. Nd5 Bd8 16. Rad1 Bxd5 17. exd5 Ne7 18. d4 Nf5 19. Qh3 cxd4 20. cxd4 Bf6 21. dxe5 dxe5 22. f4 Qd6 23. fxe5 Bxe5 24. Bf4 f6 25. Qc3 0-0 26. Bxe5 fxe5 27. Qxe5 Qb6+ 28. Kh1 Rae8 29. Qxe8 Rxe8 30. Rxe8+ Kf7 31. Rde1 Nd6 32. R8e6 Qc5 33. Rd1 Nf5 34. b3 Ne3 35. Re1 Nxf1 36. Rxf1+ Kg7 37. d6 Qd5 38. Re7+ Kh6 39. d7 Qd3 40. Rfe1 Qd6 41. h3 b5 42. Rf7 Qd5 43. Ref1 a5 44. Re7 a4 45. Rff7 Qd1+ 46. Kh2 Qd6+ 47. Kg1 Qd4+ 48. Kh2 Qd6+ 49. Kh1 Qd1+ 50. Kh2 Qd6+ 1/2-1/2

[Event "Amazons Pride Blitz"]
[Site "Chess.com INT"]
[Date "2021.10.23"]
[Round "9"]
[White "Krush, Irina"]
[Black "Komiagina, Maria"]
[Result "1-0"]
[WhiteElo "2429"]
[BlackElo "2241"]
[PlyCount "55"]
[EventDate "2021.10.23"]
[EventType "swiss (blitz)"]
[EventRounds "9"]
[EventCountry "USA"]
[SourceTitle "CBM 204 Extra"]
[Source "ChessBase"]
[SourceDate "2021.11.30"]
[SourceVersion "1"]
[SourceVersionDate "2021.11.30"]
[SourceQuality "1"]

1. d4 Nf6 2. c4 e6 3. Nc3 Bb4 4. Qc2 Nc6 5. Nf3 d6 6. Bd2 Qe7 7. a3 Bxc3 8. Bxc3 e5 9. d5 Nb8 10. e4 Nh5 11. g3 0-0 12. Be2 f5 13. Nh4 Nf4 14. Nxf5 Bxf5 15. exf5 Nxe2 16. Kxe2 Nd7 17. g4 Qg5 18. Rag1 Rae8 19. h4 Qf6 20. h5 h6 21. Kd1 Nc5 22. Kc1 a5 23. Bxa5 b6 24. Bc3 Qg5+ 25. Bd2 Qe7 26. g5 hxg5 27. Rxg5 Kh7 28. f6+ 1-0

[Event "Titled Tuesday intern op 19th Oct"]
[Site "Chess.com INT"]
[Date "2021.10.19"]
[Round "3"]
[White "Komiagina, Maria"]
[Black "Muromtsev, Arthur"]
[Result "1-0"]
[WhiteElo "2241"]
[BlackElo "2115"]
[PlyCount "59"]
[EventDate "2021.10.19"]
[EventType "swiss (blitz)"]
[EventRounds "11"]
[EventCountry "USA"]
[SourceTitle "CBM 204 Extra"]
[Source "ChessBase"]
[SourceDate "2021.11.30"]
[SourceVersion "1"]
[SourceVersionDate "2021.11.30"]
[SourceQuality "1"]

1. e4 e5 2. Nf3 Nc6 3. Bb5 a6 4. Ba4 d6 5. 0-0 Bd7 6. c3 g6 7. h3 Bg7 8. d4 Nge7 9. d5 Nb8 10. Bxd7+ Nxd7 11. c4 0-0 12. Nc3 h6 13. Rb1 f5 14. Ne1 Nf6 15. Qc2 g5 16. exf5 Nh5 17. g4 Nf4 18. Bxf4 exf4 19. Nf3 Qd7 20. Kg2 Nxf5 21. gxf5 Rxf5 22. Rbe1 Raf8 23. Re6 c6 24. Rfe1 b5 25. b3 b4 26. Ne2 cxd5 27. Ned4 Re5 28. cxd5 Rxd5 29. Re7 Qc8 30. Qg6 1-0

[Event "Titled Tuesday intern op 19th Oct"]
[Site "Chess.com INT"]
[Date "2021.10.19"]
[Round "11"]
[White "Komiagina, Maria"]
[Black "Pischal, Yulia"]
[Result "0-1"]
[WhiteElo "2241"]
[BlackElo "1963"]
[PlyCount "110"]
[EventDate "2021.10.19"]
[EventType "swiss (blitz)"]
[EventRounds "11"]
[EventCountry "USA"]
[SourceTitle "CBM 204 Extra"]
[Source "ChessBase"]
[SourceDate "2021.11.30"]
[SourceVersion "1"]
[SourceVersionDate "2021.11.30"]
[SourceQuality "1"]

1. e4 c5 2. Nf3 d6 3. d4 cxd4 4. Nxd4 Nf6 5. Nc3 Nc6 6. Bg5 e6 7. Qd2 Be7 8. 0-0-0 Nxd4 9. Qxd4 0-0 10. f4 Qc7 11. Kb1 Rd8 12. Bd3 a6 13. f5 b5 14. fxe6 Bxe6 15. h4 b4 16. Nd5 Bxd5 17. exd5 Qc5 18. Qxc5 dxc5 19. Rhe1 Bd6 20. Bxf6 gxf6 21. Bf5 a5 22. Re4 Kh8 23. g4 Re8 24. Rde1 Rxe4 25. Rxe4 Kg7 26. g5 fxg5 27. hxg5 h6 28. gxh6+ Kxh6 29. Bd7 Kg5 30. b3 Kf6 31. c3 Rh8 32. c4 Rh1+ 33. Kc2 Rh2+ 34. Kb1 Be5 35. Bg4 Rb2+ 36. Kc1 Rxa2 37. Re2 Ra1+ 38. Kc2 Rg1 39. Rf2+ Ke7 40. Bh5 f6 41. Bf3 Rg3 42. Kd3 Kd6 43. Ke4 a4 44. bxa4 b3 45. Rf1 b2 46. a5 Rg8 47. Rb1 Ra8 48. Kd3 Rxa5 49. Kc2 Ra3 50. Be4 Rc3+ 51. Kd2 Rxc4 52. Ke3 Rb4 53. Kd3 Rd4+ 54. Ke3 Rc4 55. Kd3 Rc1 0-1

[Event "Speed Chess Super Swiss"]
[Site "Chess.com INT"]
[Date "2021.10.16"]
[Round "3"]
[White "Bilan, Danila"]
[Black "Komiagina, Maria"]
[Result "1-0"]
[WhiteElo "2303"]
[BlackElo "2241"]
[PlyCount "95"]
[EventDate "2021.10.16"]
[EventType "swiss (blitz)"]
[EventRounds "15"]
[EventCountry "USA"]
[SourceTitle "CBM 204 Extra"]
[Source "ChessBase"]
[SourceDate "2021.11.30"]
[SourceVersion "1"]
[SourceVersionDate "2021.11.30"]
[SourceQuality "1"]

1. d4 Nf6 2. Nf3 g6 3. Bg5 Bg7 4. c3 d6 5. Nbd2 Nbd7 6. e4 e5 7. dxe5 dxe5 8. Bc4 h6 9. Bh4 0-0 10. 0-0 Qe7 11. Qc2 Nb6 12. Bb3 Be6 13. Bxe6 Qxe6 14. Bxf6 Bxf6 15. Qb3 Qe7 16. Rad1 Bg7 17. Nc4 Rad8 18. Ne3 c6 19. Nc4 Nxc4 20. Qxc4 Rd7 21. Qa4 Rxd1 22. Rxd1 Rd8 23. g3 Rxd1+ 24. Qxd1 Kh7 25. Qd3 Qe6 26. b3 a5 27. Kg2 a4 28. Qd1 axb3 29. axb3 b5 30. b4 Qc4 31. Qe1 Qd3 32. Qe3 Qxe3 33. fxe3 Kg8 34. Kf2 Kf8 35. Ke2 Ke7 36. Kd3 Kd6 37. Nd2 Bf8 38. Nb3 Ke6 39. Na5 Kd7 40. Nb3 Ke6 41. Nd2 Kd6 42. Nf3 Ke6 43. Kc2 Bd6 44. Kb3 f5 45. Nd2 f4 46. exf4 exf4 47. gxf4 Bxf4 48. Nf3 1-0

[Event "Speed Chess Super Swiss"]
[Site "Chess.com INT"]
[Date "2021.10.16"]
[Round "4"]
[White "Komiagina, Maria"]
[Black "Begunov, Konstantin"]
[Result "0-1"]
[WhiteElo "2241"]
[BlackElo "2325"]
[PlyCount "88"]
[EventDate "2021.10.16"]
[EventType "swiss (blitz)"]
[EventRounds "15"]
[EventCountry "USA"]
[SourceTitle "CBM 204 Extra"]
[Source "ChessBase"]
[SourceDate "2021.11.30"]
[SourceVersion "1"]
[SourceVersionDate "2021.11.30"]
[SourceQuality "1"]

1. d4 d5 2. c4 c6 3. Nc3 Nf6 4. g3 Bg4 5. h3 Bf5 6. Bg2 e6 7. cxd5 exd5 8. Nf3 Nbd7 9. Bf4 Nh5 10. Bd2 Bg6 11. 0-0 Bd6 12. g4 Nf4 13. Bxf4 Bxf4 14. e3 Bd6 15. Nd2 h5 16. e4 hxg4 17. Qxg4 Nf6 18. Qe2 dxe4 19. Ndxe4 0-0 20. Rad1 Bc7 21. Nxf6+ Qxf6 22. Qg4 Qd6 23. f4 Rfe8 24. h4 Re3 25. h5 Bd3 26. Rfe1 Qxd4 27. Kh1 Rae8 28. Rxe3 Qxe3 29. h6 Bg6 30. Rf1 gxh6 31. Qd7 Re7 32. Qc8+ Kg7 33. Qg4 h5 34. Qg5 f6 35. Qh4 Bb6 36. f5 Bf7 37. a4 Re5 38. a5 Bxa5 39. Rg1 Bxc3 40. Bd5+ Kf8 41. Bxf7 Qf3+ 42. Rg2 Re1+ 43. Kh2 Be5+ 44. Rg3 Re4 0-1

[Event "Speed Chess Super Swiss"]
[Site "Chess.com INT"]
[Date "2021.10.16"]
[Round "14"]
[White "Komiagina, Maria"]
[Black "Manukian, Artak"]
[Result "0-1"]
[WhiteElo "2241"]
[BlackElo "2196"]
[PlyCount "112"]
[EventDate "2021.10.16"]
[EventType "swiss (blitz)"]
[EventRounds "15"]
[EventCountry "USA"]
[SourceTitle "CBM 204 Extra"]
[Source "ChessBase"]
[SourceDate "2021.11.30"]
[SourceVersion "1"]
[SourceVersionDate "2021.11.30"]
[SourceQuality "1"]

1. e4 c6 2. d4 d5 3. exd5 cxd5 4. c4 Nc6 5. Nc3 Nf6 6. Bg5 Be6 7. c5 h6 8. Bf4 g5 9. Be3 Bg7 10. h4 Ng4 11. hxg5 Nxe3 12. fxe3 hxg5 13. Rxh8+ Bxh8 14. Qh5 Bf6 15. Nf3 Qa5 16. Nxg5 0-0-0 17. Nxe6 fxe6 18. Qg4 Kb8 19. Qxe6 Nb4 20. Kf2 Qc7 21. a3 Bh4+ 22. Ke2 Qg3 23. axb4 Rf8 24. Qe5+ Qxe5 25. dxe5 e6 26. Kd3 Rf2 27. Be2 Rxg2 28. Rh1 Bg3 29. Rh8+ Kc7 30. Rg8 Rg1 31. Nb5+ Kd7 32. Rg7+ Ke8 33. Nd6+ Kf8 34. Rxb7 Bxe5 35. Rxa7 Rb1 36. Rf7+ Kg8 37. Re7 Rxb2 38. Rxe6 Bg7 39. Nf5 Bf8 40. c6 Rxb4 41. Kd2 Rb2+ 42. Kd1 Rb8 43. Bf3 Rb1+ 44. Kc2 Rb5 45. Kd3 Rc5 46. Nd4 Kf7 47. Re5 Rc1 48. Rxd5 Be7 49. Rd7 Ke8 50. Ke4 Rc5 51. Bh5+ Rxh5 52. Ne6 Rh4+ 53. Kd5 Rh5+ 54. Kc4 Rh4+ 55. Kb5 Rb4+ 56. Ka5 Bd6 0-1